| Tag |
First Indicator |
Second Indicator |
Subfields |
| LEADER |
00000cam a2200000 4500 |
| 001 |
in00000031408 |
| 005 |
20151007061653.0 |
| 008 |
751027s1955 iaua 00010 eng |
| 010 |
|
|
|a 56000049
|
| 035 |
|
|
|a (OCoLC)01736357
|
| 035 |
|
|
|9 AAD2724AM
|
| 040 |
|
|
|a DLC
|c FUG
|d TXA
|d UtOrBLW
|
| 049 |
|
|
|a TXAM
|c [265997]
|
| 050 |
0 |
0 |
|a GV995
|b .H5
|
| 082 |
0 |
|
|a 796.34
|
| 092 |
|
|
|a 796.34
|b H649t
|
| 100 |
1 |
|
|a Hillas, Marjorie.
|
| 245 |
1 |
0 |
|a Tennis ;
|b a manual for teachers with materials, methods, programs for group instruction /
|c by Marjorie Hillas and John R. LeFevre.
|
| 264 |
|
1 |
|a Dubuque, Iowa :
|b W.C. Brown Co.,
|c [1955]
|
| 300 |
|
|
|a 103 pages :
|b illustrations ;
|c 28 cm.
|
| 336 |
|
|
|a text
|b txt
|2 rdacontent
|
| 337 |
|
|
|a unmediated
|b n
|2 rdamedia
|
| 338 |
|
|
|a volume
|b nc
|2 rdacarrier
|
| 650 |
|
0 |
|a Tennis.
|
| 700 |
1 |
|
|a LeFevre, John R.
|
| 999 |
|
|
|a MARS
|
| 999 |
f |
f |
|s b09b4fd7-1b17-345b-89e9-8191c2efa340
|i 7c92d57d-d1f2-3647-8c56-10fc3a289e08
|t 0
|
| 952 |
f |
f |
|p ric
|a Texas A&M University
|b Rellis Campus
|c Joint Library Facility
|d Remote Storage
|t 0
|e GV995 .H5
|h Library of Congress classification
|i unmediated -- volume
|m A14801184757
|
| 998 |
f |
f |
|a GV995 .H5
|t 0
|l Remote Storage
|